Reinforced concrete design (Record no. 80029)
[ view plain ]
| 000 -LEADER | |
|---|---|
| fixed length control field | 00817nam a2200181 a 4500 |
| 008 - FIXED-LENGTH DATA ELEMENTS--GENERAL INFORMATION | |
| fixed length control field | 120416s1990 ||||||||||||||||| || u |
| 020 ## - INTERNATIONAL STANDARD BOOK NUMBER | |
| International Standard Book Number | 0333537181 |
| 050 ## - LIBRARY OF CONGRESS CALL NUMBER | |
| Classification number | TA 683.2 Mos |
| 100 ## - MAIN ENTRY--PERSONAL NAME | |
| Personal name | Mosley, J. H |
| 245 10 - TITLE STATEMENT | |
| Title | Reinforced concrete design |
| 250 ## - EDITION STATEMENT | |
| Edition statement | 4th ed. |
| 260 ## - PUBLICATION, DISTRIBUTION, ETC. | |
| Place of publication, distribution, etc. | London |
| Name of publisher, distributor, etc. | McMillan |
| Date of publication, distribution, etc. | 1990 |
| 300 ## - PHYSICAL DESCRIPTION | |
| Extent | x, 392p. : ill. |
| 350 ## - | |
| -- | 0.00 |
| 995 ## - | |
| -- | BINDERY (DAMAGED) |
| -- | 0.00 |
| -- | 725873 |
| -- | CBU-MAIN LIBRARY (Kitwe) |
| -- | 2 |
| -- | 15.55 |
| -- | TA 683.2 Mos |
| -- | 3 |
| -- | DAMAGED |
| -- | 020278 |
| -- | Main Library Open Access Collection |
| 995 ## - | |
| -- | BINDERY (DAMAGED) |
| -- | 0.00 |
| -- | 724932 |
| -- | CBU-MAIN LIBRARY (Kitwe) |
| -- | 1 |
| -- | 15.55 |
| -- | TA 683.2 Mos |
| -- | 1 |
| -- | DAMAGED |
| -- | 013868 |
| -- | Main Library Open Access Collection |
| 995 ## - | |
| -- | BINDERY (DAMAGED) |
| -- | 0.00 |
| -- | 724931 |
| -- | CBU-MAIN LIBRARY (Kitwe) |
| -- | 3 |
| -- | 15.55 |
| -- | TA 683.2 Mos |
| -- | 2 |
| -- | DAMAGED |
| -- | 013869 |
| -- | Main Library Open Access Collection |
| 999 ## - | |
| -- | 80029 |
| -- | 80029 |
| Withdrawn status | Lost status | Source of classification or shelving scheme | Damaged status | Not for loan | Permanent Location | Current Location | Shelving location | Date acquired | Total Checkouts | Full call number | Barcode | Date last seen | Copy number | Price effective from | Koha item type |
|---|---|---|---|---|---|---|---|---|---|---|---|---|---|---|---|
| CBU-MAIN LIBRARY, KITWE. | CBU-MAIN LIBRARY, KITWE. | 06/29/2023 | TA 683.2 Mos | 020278 | 06/29/2023 | 1 | 06/29/2023 | MONOGRAPH | |||||||
| CBU-MAIN LIBRARY, KITWE. | CBU-MAIN LIBRARY, KITWE. | 06/29/2023 | TA 683.2 Mos | 013868 | 06/29/2023 | 2 | 06/29/2023 | MONOGRAPH | |||||||
| CBU-MAIN LIBRARY, KITWE. | CBU-MAIN LIBRARY, KITWE. | 06/29/2023 | TA 683.2 Mos | 013869 | 06/29/2023 | 3 | 06/29/2023 | MONOGRAPH |